Loading...
| Social Science | 0 | 2 | 0 | 0 | 20 | 67 | 67.50 | 0 | 2 | 7.45 | 15.91 |
| History - European | 0 | 2 | 0 | 1 | 20 | 66 | 97.00 | 1 | 1 | 4.21 | 10.23 |
| History - World | 0 | 2 | 0 | 0 | 20 | 86 | 99.50 | 0 | 1 | 4.67 | 11.36 |
| Fine Arts - Painting and Sculpture | 0 | 2 | 0 | 0 | 20 | 81 | 101.50 | 0 | 1 | 3.38 | 5.68 |
| Literature - British | 0 | 1 | 0 | 0 | 10 | 63 | 63.00 | 0 | 1 | 5.17 | 5.68 |
| Philosophy | 0 | 1 | 0 | 0 | 10 | 92 | 92.00 | 0 | 0 | 1.49 | 4.55 |
| Religion | 0 | 1 | 0 | 0 | 10 | 92 | 92.00 | 0 | 1 | 2.40 | 6.82 |
| Science - Biology | 0 | 1 | 0 | 0 | 10 | 85 | 85.00 | 0 | 1 | 1.94 | 6.82 |
| Literature - American | 0 | 1 | 0 | 0 | 10 | 101 | 101.00 | 0 | 0 | 1.63 | 5.68 |
| Fine Arts - Other | 0 | 1 | 0 | 0 | 10 | 58 | 58.00 | 0 | 1 | 4.62 | 7.95 |
| History - American | 0 | 1 | 0 | 0 | 10 | 67 | 67.00 | 0 | 1 | 4.26 | 6.82 |
| Current Events | 0 | 1 | 0 | 0 | 10 | 31 | 31.00 | 1 | 1 | 37.98 | 50.00 |
| Science - Other | 0 | 1 | 1 | 0 | 5 | 83 | 83.00 | 0 | 0 | 1.97 | 4.55 |
| Fine Arts - Classical Music | 0 | 0 | 1 | 0 | -5 | 0.00 | 0 | 0 | 0.00 | 0.00 |